Chicken Soup For The Soul Life Lessons for loving the way you live (Record no. 29173)

MARC details
000 -LEADER
fixed length control field 00983nam a22002177a 4500
008 - FIXED-LENGTH DATA ELEMENTS--GENERAL INFORMATION
fixed length control field 090813t xxu||||| |||| 00| 0 eng d
010 ## - LCCN (DPL NO)
LC control number B-343098
020 ## - INTERNATIONAL STANDARD BOOK NUMBER
International Standard Book Number 9788189975340
Terms of availability 275-00
035 ## - SYSTEM CONTROL NUMBER
System control number B-343098
037 ## - SOURCE OF ACQUISITION
Stock number UBH
Source of stock number/acquisition RP/CL/E;16/79/18-06-09/23-06-09/28-06-09
040 ## - CATALOGING SOURCE
Original cataloging agency dpl
Language of cataloging eng
082 ## - DEWEY DECIMAL CLASSIFICATION NUMBER
Classification number 158.22
100 ## - MAIN ENTRY--PERSONAL NAME
Personal name Canfield,Jack
245 ## - TITLE STATEMENT
Title Chicken Soup For The Soul Life Lessons for loving the way you live
Remainder of title 7 essentials ingredients for finding balance and serenity/
Statement of responsibility, etc by Jack Canfield,Mark Victor Hansen,Jennifer Read Hawthorne
260 ## - PUBLICATION, DISTRIBUTION, ETC. (IMPRINT)
Place of publication, distribution, etc New Delhi
Name of publisher, distributor, etc Westland Ltd
Date of publication, distribution, etc 2007
270 ## - ADDRESS
Address F-5 Okhla Industrial Area Phase I
City New Delhi
Postal code 110020
300 ## - PHYSICAL DESCRIPTION
Extent xiii, 332pgs
Dimensions 20cm
942 ## - ADDED ENTRY ELEMENTS (KOHA)
Source of classification or shelving scheme Dewey Decimal Classification
Item type English Books
Classification part 158.22
Call number suffix CAN
Holdings
Withdrawn status Lost status Source of classification or shelving scheme Damaged status Not for loan Home library Current library Date acquired Cost, normal purchase price Total Checkouts Full call number Barcode Date last seen Cost, replacement price Koha item type
    Dewey Decimal Classification     Central Library Central Library 25/06/2009 275.00   158.22 CAN B-343098 13/08/2009 275.00 English Books

© Delhi Public Library
Hit Counter
free hit counter